00756nam a22002417a 45000010005000000030006000050050017000110080041000280200015000690400029000840500015001130820010001281000014001382450028001522600056001803000049002364900029002855050009003145200118003235210030004415210020004716500023004917466FISKH20250812161720.0250717b cb ||||| |||| 00| 0 eng d a0060225432 aFISKHbengcFISKHdFISKH aPZ7.H672 W a823.9 aHoff, Syd aWalpole / cBy Syd Hoff aColumbus, Ohio :bHarper Collin Publishers ,c1977. a32 pages : bcolor illustrations ;c22 cm .  aAn Early I can Read Book aG  aAlthough Walpole is the biggest walrus in the herd, he would rather play with the baby walruses than be a leader.8 a370 bLexile estimate 8 aG bRaz-Plus  aWalruses vFiction